Republic of Poland : Review under the Flexible Credit Line Arrangement.

On January 8, 2014, the Executive Board of the IMF completed its review of Poland's qualification for the arrangement under the Flexible Credit Line (FCL) and reaffirmed Poland's continued qualification to access FCL resources. The Polish authorities have indicated that they intend to cont...

詳細記述

書誌詳細
団体著者: International Monetary Fund. European Dept
フォーマット: 雑誌
言語:English
出版事項: Washington, D.C. : International Monetary Fund, 2014.
シリーズ:IMF Staff Country Reports; Country Report ; No. 2014/008
オンライン・アクセス:Full text available on IMF
LEADER 01842cas a2200241 a 4500
001 AALejournalIMF014128
008 230101c9999 xx r poo 0 0eng d
020 |c 5.00 USD 
020 |z 9781484344415 
022 |a 1934-7685 
040 |a BD-DhAAL  |c BD-DhAAL 
110 2 |a International Monetary Fund.  |b European Dept. 
245 1 0 |a Republic of Poland :   |b Review under the Flexible Credit Line Arrangement. 
264 1 |a Washington, D.C. :  |b International Monetary Fund,  |c 2014. 
300 |a 1 online resource (44 pages) 
490 1 |a IMF Staff Country Reports 
500 |a <strong>Off-Campus Access:</strong> No User ID or Password Required 
500 |a <strong>On-Campus Access:</strong> No User ID or Password Required 
506 |a Electronic access restricted to authorized BRAC University faculty, staff and students 
520 3 |a On January 8, 2014, the Executive Board of the IMF completed its review of Poland's qualification for the arrangement under the Flexible Credit Line (FCL) and reaffirmed Poland's continued qualification to access FCL resources. The Polish authorities have indicated that they intend to continue treating the arrangement as precautionary. The IMF has supported the authorities' policies with four successive FCL arrangements. The current two-year FCL arrangement for Poland was approved by the IMF's Executive Board on January 18, 2013, in an amount of SDR 22 billion (about USD 33.7 billion). Poland's first FCL arrangement was approved May 6, 2009, for SDR 13.69 billion (about USD 21 billion). Successor arrangements were approved in July 2010 and in January 2011. 
538 |a Mode of access: Internet 
830 0 |a IMF Staff Country Reports; Country Report ;  |v No. 2014/008 
856 4 0 |z Full text available on IMF  |u http://elibrary.imf.org/view/journals/002/2014/008/002.2014.issue-008-en.xml  |z IMF e-Library